Famous Leaders #3 - Statistics

General Stats
  • This quiz has been taken 33 times
  • The average score is 4 of 5
Answer Stats
Picture Answer % Correct
Adolf Hitler
97%
Donald Trump
97%
Justin Trudeau
80%
Emmanuel Macron
77%
Rishi Sunak
70%
No matching quizzes found
Score Distribution
Percent of People with Each Score
Percentile by Number Answered
Your Score History
You have not taken this quiz